000 00313nam a2200121Ia 4500
008 231129s1964||||xx |||||||||||||| ||spa||
082 _a987 A668h
100 _aArcaya Pedro Manuel
245 0 _aHistoria de las reclamaciones contra Venezuela
260 _c1964
264 _aPensamiento Vivo
942 _2ddc
_cBKS
999 _c15195
_d15195